Anthologie du Félibrige provençal (Registro nro. 24139)
[ vista simple ]
| 000 -LEADER | |
|---|---|
| campo de control de longitud fija | 01041nam a2200229 i 4500 |
| 001 - NÚMERO DE CONTROL | |
| campo de control | 24139 |
| 003 - IDENTIFICADOR DE NÚMERO DE CONTROL | |
| campo de control | ES-MaACL |
| 005 - FECHA Y HORA DE LA ÚLTIMA TRANSACCIÓN | |
| campo de control | 20250927105022.0 |
| 007 - CAMPO FIJO DE DESCRIPCIÓN FÍSICA--INFORMACIÓN GENERAL | |
| campo de control de longitud fija | t| |
| 008 - DATOS DE LONGITUD FIJA--INFORMACIÓN GENERAL | |
| campo de control de longitud fija | 021216s1920 fr ||||1| fre d |
| 245 00 - MENCIÓN DEL TÍTULO | |
| Título | Anthologie du Félibrige provençal |
| Resto del título | : 1850 à nos jours : poésie, textes choisis accompagnés de la traduction littérale en regard, de notices bio-bibliographiques, de nombreux autographes et de la musique des chansons les plus connues. |
| Número de parte o sección de la obra | [T1], |
| Nombre de parte o sección de la obra | Les fondateurs du félibrige et les premiers félibres] / par Ch.-P. Julian et F. Fontan. |
| 260 ## - PUBLICACIÓN, DISTRIBUCIÓN, ETC. | |
| Lugar de publicación, distribución, etc. | París : |
| Nombre del editor, distribuidor, etc. | Delagrave, |
| Fecha de publicación, distribución, etc. | 1920 ( |
| Lugar de fabricación/manufactura | Villafranche de Romerge : |
| Fabricante | Delagrave) |
| 300 ## - DESCRIPCIÓN FÍSICA | |
| Extensión | 451 p. : |
| Otras características físicas | música, fac-sim. de autográfos ; |
| Dimensiones | 17 cm. |
| 490 1# - MENCIÓN DE SERIE | |
| Mención de serie | Collection Pallas |
| 500 ## - NOTA GENERAL | |
| Nota general | Texto occitano y traducción al francés. |
| 650 #4 - PUNTO DE ACCESO ADICIONAL DE MATERIA--TÉRMINO DE MATERIA | |
| Término de materia o nombre geográfico como elemento de entrada | Poesías provenzales. |
| 9 (RLIN) | 148458 |
| 700 1# - ENTRADA AGREGADA--NOMBRE PERSONAL | |
| Nombre de persona | Julian, Ch. P. |
| 9 (RLIN) | 67240 |
| 700 1# - ENTRADA AGREGADA--NOMBRE PERSONAL | |
| Nombre de persona | Fontan, Pierre, |
| Fechas asociadas al nombre | 1882-1952 |
| 9 (RLIN) | 148462 |
| 830 0# - PUNTO DE ACCESO ADICIONAL DE SERIE-TÍTULO UNIFORME | |
| Título uniforme | Collection Pallas |
| 9 (RLIN) | 180897 |
| 852 ## - LOCALIZACIÓN | |
| Ubicación | ES-MaACL |
| Número de control de estantería | D-9216 |
| Estatus retirado | Estado de pérdida | Estado de daño | No para préstamo | Biblioteca de origen | Biblioteca actual | Ubicación en estantería | Fecha de adquisición | Fuente de adquisición | Total de préstamos | Signatura topográfica completa | Código de barras | Visto por última vez | Precio de reemplazo | Tipo de ítem Koha |
|---|---|---|---|---|---|---|---|---|---|---|---|---|---|---|
| Biblioteca del Ateneo de Madrid | Biblioteca del Ateneo de Madrid | Sala Valle Inclán | 17/01/2008 | D-9216 | 901024882 | 23/02/2023 | 23/02/2023 | Libro impreso |
